Press freedom in the Philippines : (Record no. 16997)
[ view plain ]
| 000 -LEADER | |
|---|---|
| fixed length control field | 01364cam a22003734a 4500 |
| 001 - CONTROL NUMBER | |
| control field | 14228760 |
| 003 - CONTROL NUMBER IDENTIFIER | |
| control field | OSt |
| 005 - DATE AND TIME OF LATEST TRANSACTION | |
| control field | 20140310182852.0 |
| 008 - FIXED-LENGTH DATA ELEMENTS--GENERAL INFORMATION | |
| fixed length control field | 040929s2004 ph a b 000 0 eng |
| 010 ## - LIBRARY OF CONGRESS CONTROL NUMBER | |
| LC control number | 2004420787 |
| 020 ## - INTERNATIONAL STANDARD BOOK NUMBER | |
| International Standard Book Number | 9719195568 |
| 040 ## - CATALOGING SOURCE | |
| Original cataloging agency | DLC |
| Transcribing agency | DLC |
| Modifying agency | DLC |
| 042 ## - AUTHENTICATION CODE | |
| Authentication code | lcode |
| 043 ## - GEOGRAPHIC AREA CODE | |
| Geographic area code | a-ph--- |
| 050 00 - LIBRARY OF CONGRESS CALL NUMBER | |
| Classification number | PN 4748.P6 |
| Item number | .P74 2004 |
| 100 1# - MAIN ENTRY--PERSONAL NAME | |
| Personal name | Cawicaan, Sweet Mary J. |
| 245 10 - TITLE STATEMENT | |
| Title | Press freedom in the Philippines : |
| Remainder of title | a study in contradictions / |
| 260 ## - PUBLICATION, DISTRIBUTION, ETC. (IMPRINT) | |
| Place of publication, distribution, etc | [Manila], Philippines : |
| Name of publisher, distributor, etc | Center for Media Freedom and Responsibility in cooperation with the Southeast Asian Press Alliance and with support of N(o)vib Oxfam Netherlands, |
| Date of publication, distribution, etc | 2004. |
| 300 ## - PHYSICAL DESCRIPTION | |
| Extent | 85 p. : |
| Other physical details | ill. ; |
| Dimensions | 26 cm. |
| 504 ## - BIBLIOGRAPHY, ETC. NOTE | |
| Bibliography, etc | Includes bibliographical references. |
| 521 ## - TARGET AUDIENCE NOTE | |
| Target audience note | |
| 650 #0 - SUBJECT ADDED ENTRY--TOPICAL TERM | |
| Topical term or geographic name as entry element | Freedom of the press |
| Geographic subdivision | Philippines. |
| 650 #0 - SUBJECT ADDED ENTRY--TOPICAL TERM | |
| Topical term or geographic name as entry element | Government and the press |
| Geographic subdivision | Philippines. |
| 650 #0 - SUBJECT ADDED ENTRY--TOPICAL TERM | |
| Topical term or geographic name as entry element | Censorship |
| Geographic subdivision | Philippines. |
| 700 1# - ADDED ENTRY--PERSONAL NAME | |
| Personal name | Macale, Hector Bryant L. |
| 710 2# - ADDED ENTRY--CORPORATE NAME | |
| Corporate name or jurisdiction name as entry element | Center for Media Freedom and Responsibility (Philippines) |
| 710 2# - ADDED ENTRY--CORPORATE NAME | |
| Corporate name or jurisdiction name as entry element | Southeast Asian Press Alliance. |
| 906 ## - LOCAL DATA ELEMENT F, LDF (RLIN) | |
| a | 7 |
| b | cbc |
| c | origode |
| d | 3 |
| e | ncip |
| f | 20 |
| g | y-gencatlg |
| 942 ## - ADDED ENTRY ELEMENTS (KOHA) | |
| Source of classification or shelving scheme | Library of Congress Classification |
| Koha item type | Books |
| Call number prefix | Local |
| Withdrawn status | Lost status | Source of classification or shelving scheme | Damaged status | Home library | Current library | Shelving location | Date acquired | Source of acquisition | Total Checkouts | Full call number | Barcode | Date last seen | Copy number | Price effective from | Koha item type |
|---|---|---|---|---|---|---|---|---|---|---|---|---|---|---|---|
| Library of Congress Classification | College Library | College Library | Filipiniana Section | 11/12/2013 | Library Fund | PN 4748.P6 .P74 2004 | C6379 | 05/08/2018 | 1 | 10/10/2013 | Books | ||||
| Library of Congress Classification | College Library | College Library | Filipiniana Section | 11/12/2013 | Library Fund | PN 4748.P6 .P74 2004 | C6377 | 05/08/2018 | 2 | 11/12/2013 | Books | ||||
| Library of Congress Classification | College Library | College Library | Filipiniana Section | 11/12/2013 | Library Fund | PN 4748.P6 .P74 2004 | C6378 | 05/08/2018 | 3 | 11/12/2013 | Books |